| 000 | 01020nam a2200301Ia 4500 | ||
|---|---|---|---|
| 001 | Para_7017 | ||
| 003 | CHAP | ||
| 008 | 220125s1986 xx 000 0 und d | ||
| 010 | _a205763 | ||
| 040 | _cCHAP | ||
| 090 | _aPA FOLLETO 884 | ||
| 100 |
_aGonzález Lauck, Víctor _9171873 |
||
| 245 |
_aTrampa de luz para el gusano de cuerno de la yuca / _c por Víctor González Lauck, Asunción Méndez Rodríguez, Jesús Antonio Reyes |
||
| 260 |
_aHuimanguillo, Tab. : _b INIFAP. CIAGOC |
||
| 300 | _a1 hoja desplegable | ||
| 440 |
_aDesplegable para productores; 7 _9171419 |
||
| 650 |
_aYuca _x plagas _9123295 |
||
| 700 |
_aMéndez Rodríguez, Asunción _976578 |
||
| 700 |
_aReyes, Jesús Antonio _9171874 |
||
| 710 |
_aInstituto Nacional de Investigaciones Forestales y Agropecuarias (México) CIAGOC _9171854 |
||
| 901 | _aPA FOLLETO 884 | ||
| 902 | _aA | ||
| 905 | _a0000001986 0000000000 00 | ||
| 910 | _a1986 | ||
| 942 | _cPARA | ||
| 942 |
_cPARA _d1 |
||
| 999 |
_c205763 _d205763 |
||